000 00300cam a2200121ua 4500
082 _a332.1
_bSAY/BA
100 _aSayers, R.S .
_91952
245 _aBanking in the British Commonwealth /
250 _a1 /
260 _a :
_bOxford at the Clarendon Press ,
_c1954.
300 _a477 ; .
942 _cBK
999 _c2128
_d2128